000 00753nam a22001457a 4500
003 OSt
005 20160227090048.0
008 160227b xxu||||| |||| 00| 0 eng d
040 _cRUA
082 _aVEM PHA 2014 B435 O.1
100 _97554
_aPHANN CHANNDARA; ផាន់​ ចាន់ដារ៉ា
245 _aStudy on post weaning diarrhea of piglet at yen phearun in samroung teong district, kampong speu province, ការសិក្សាលើជំងឺរាកកូនជ្រូកកំឡុងពេកផ្ដាច់ដោះនៅកសិដ្ឋានលោក យិន ភារុន ស្រុកសំរោងទង ខេត្តកំពង់ស្ពឺ
300 _aix,41p.
_bill.
_c29cm.
942 _2ddc
_cVEM
999 _c7147
_d7147